000 00306nam a22001337a 4500
008 171030b xxu||||| |||| 00| 0 eng d
020 _a9780070984035
041 _aeng
080 _24TH
_a336
100 _a57
101 _aFIN
245 _aFUNDAMENTALS CORPORATE FINANCE
_cBREALEY,R.A
942 _2udc
_cBK
999 _c36424
_d36424